[Event "Pobeskydy Arcimpex 14th"]
[Site "Frydek Mistek"]
[Date "2003.04.17"]
[Round "1"]
[White "Virostko, Petr"]
[Black "Toma, Katarzyna"]
[Result "1/2-1/2"]
[WhiteElo "2370"]
[BlackElo "2189"]
[PlyCount "118"]
[EventDate "2003.04.17"]
[EventType "tourn"]
[EventRounds "9"]
[EventCountry "CZE"]
[EventCategory "3"]
[SourceTitle "EXT 2006"]
[Source "ChessBase"]
[SourceDate "2005.11.24"]
[SourceVersion "1"]
[SourceVersionDate "2005.11.24"]
[SourceQuality "1"]

1. e4 c5 2. Nf3 Nc6 3. d4 cxd4 4. Nxd4 g6 5. Nc3 Bg7 6. Nb3 Nf6 7. Be2 d6 8. 0-0 0-0 9. Re1 Be6 10. Bf1 Rc8 11. Nd5 Re8 12. f3 Ne5 13. Be3 Bxd5 14. exd5 Nc4 15. Bxc4 Rxc4 16. Qd2 Qc8 17. c3 b6 18. Qd3 Nd7 19. f4 Rc7 20. Nd4 Nc5 21. Qc2 Qb7 22. Nc6 e6 23. c4 b5 24. Rab1 bxc4 25. Bxc5 dxc5 26. Qxc4 Rf8 27. Qxc5 exd5 28. Rbc1 Qxb2 29. Rc2 Qb6 30. Qxb6 axb6 31. Ne7+ Rxe7 32. Rxe7 Bd4+ 33. Kf1 Bc5 34. Rd7 d4 35. a4 Ra8 36. Rc4 Kf8 37. Ke2 Kg7 38. Kd3 Kf6 39. Rb7 h5 40. Kc2 Ke6 41. Kb3 f6 42. Rc1 Kf5 43. g3 h4 44. Ra1 hxg3 45. hxg3 Ra5 46. Rg7 g5 47. Rf1 Kg4 48. Rg6 Be7 49. Rg7 Bc5 50. fxg5 fxg5 51. Rf4+ Kxg3 52. Rf5 g4 53. Rfg5 d3 54. Rxg4+ Kf3 55. Rg3+ Ke2 56. Rd7 d2 57. Rg2+ Bf2 58. Rxf2+ Kxf2 59. Rxd2+ Ke3 1/2-1/2

[Event "CZE-chT 0203"]
[Site "Czech Republic"]
[Date "2003.03.15"]
[Round "8"]
[White "Virostko, Petr"]
[Black "Laznicka, Viktor"]
[Result "1-0"]
[WhiteElo "2354"]
[BlackElo "2219"]
[PlyCount "63"]
[EventDate "2002.10.01"]
[EventType "team"]
[EventRounds "11"]
[EventCountry "CZE"]
[SourceTitle "EXT 2004"]
[Source "ChessBase"]
[SourceDate "2003.11.25"]
[SourceVersion "1"]
[SourceVersionDate "2003.11.25"]
[SourceQuality "1"]
[WhiteTeam "Zlin"]
[BlackTeam "Pardubice"]
[WhiteTeamCountry "CZE"]
[BlackTeamCountry "CZE"]

1. e4 e6 2. d4 d5 3. e5 c5 4. c3 Nc6 5. Nf3 Bd7 6. a3 Rc8 7. b4 cxd4 8. cxd4 Qb6 9. Bb2 Nh6 10. Nc3 Na5 11. Na4 Qc6 12. Nc5 Nc4 13. Bc1 b6 14. Nxd7 Kxd7 15. Bd3 Be7 16. 0-0 f5 17. exf6 Bxf6 18. Ra2 Nf5 19. Re1 Rhe8 20. Bg5 Nfd6 21. Bxh7 Nb5 22. Bxf6 gxf6 23. Qd3 Re7 24. Bg6 Rh8 25. h4 Nbd6 26. h5 e5 27. Nh2 Kc7 28. Ng4 e4 29. Qg3 f5 30. Ne3 Rg7 31. Nxf5 Rgg8 32. Ne7 1-0

[Event "MOR-chT 0203"]
[Site "Moravia"]
[Date "2003.03.09"]
[Round "9"]
[White "Hladik, Oto"]
[Black "Virostko, Petr"]
[Result "1/2-1/2"]
[WhiteElo "2243"]
[BlackElo "2354"]
[PlyCount "81"]
[EventDate "2002.10.??"]
[EventType "team"]
[EventRounds "11"]
[EventCountry "CZE"]
[SourceTitle "EXT 2006"]
[Source "ChessBase"]
[SourceDate "2005.11.24"]
[SourceVersion "1"]
[SourceVersionDate "2005.11.24"]
[SourceQuality "1"]

1. e4 c5 2. Nf3 d6 3. d4 cxd4 4. Nxd4 Nf6 5. Nc3 a6 6. Be2 e5 7. Nb3 Be6 8. f4 Qc7 9. a4 Nbd7 10. 0-0 Be7 11. Be3 Nb6 12. f5 Bc4 13. Bg5 Nbd7 14. a5 0-0 15. Kh1 Rac8 16. Ra4 b5 17. axb6 Nxb6 18. Ra1 d5 19. Bxf6 Bxf6 20. Bxc4 dxc4 21. Nd2 Qb7 22. Qe2 Be7 23. Nf3 f6 24. Rfd1 Rfd8 25. h3 Rxd1+ 26. Rxd1 Bb4 27. Nd5 Nxd5 28. Rxd5 Be7 29. b3 Qc7 30. Nd2 cxb3 31. cxb3 Qc1+ 32. Kh2 Bc5 33. Nf3 Be3 34. Rd1 Bf4+ 35. Kh1 Qc2 36. Ng1 Qxb3 37. Qxa6 Qxd1 38. Qxc8+ Kf7 39. Qe6+ Kf8 40. Qc8+ Kf7 41. Qe6+ 1/2-1/2

[Event "CZE-chT 0203"]
[Site "Czech Republic"]
[Date "2003.02.16"]
[Round "7"]
[White "Sikora Lerch, Jan"]
[Black "Virostko, Petr"]
[Result "1/2-1/2"]
[WhiteElo "2332"]
[BlackElo "2354"]
[PlyCount "20"]
[EventDate "2002.10.01"]
[EventType "team"]
[EventRounds "11"]
[EventCountry "CZE"]
[SourceTitle "EXT 2004"]
[Source "ChessBase"]
[SourceDate "2003.11.25"]
[SourceVersion "1"]
[SourceVersionDate "2003.11.25"]
[SourceQuality "1"]
[WhiteTeam "Trinec"]
[BlackTeam "Zlin"]
[WhiteTeamCountry "CZE"]
[BlackTeamCountry "CZE"]

1. c4 e5 2. g3 Nf6 3. Bg2 d5 4. cxd5 Nxd5 5. Nc3 Nb6 6. Nf3 Nc6 7. a4 a5 8. 0-0 Bb4 9. d4 exd4 10. Nb5 0-0 1/2-1/2

[Event "CZE-chT 0203"]
[Site "Czech Republic"]
[Date "2003.02.15"]
[Round "6"]
[White "Virostko, Petr"]
[Black "Olsar, Jaroslav"]
[Result "0-1"]
[WhiteElo "2354"]
[BlackElo "2327"]
[PlyCount "151"]
[EventDate "2002.10.01"]
[EventType "team"]
[EventRounds "11"]
[EventCountry "CZE"]
[SourceTitle "EXT 2004"]
[Source "ChessBase"]
[SourceDate "2003.11.25"]
[SourceVersion "1"]
[SourceVersionDate "2003.11.25"]
[SourceQuality "1"]
[WhiteTeam "Zlin"]
[BlackTeam "Karvina"]
[WhiteTeamCountry "CZE"]
[BlackTeamCountry "CZE"]

1. e4 e5 2. Nf3 Nc6 3. Bb5 f5 4. Nc3 fxe4 5. Nxe4 d5 6. Nxe5 dxe4 7. Nxc6 Qg5 8. Qe2 Nf6 9. Ne5+ c6 10. f4 Qxf4 11. d4 Qh4+ 12. g3 Qh3 13. Bc4 Be6 14. Bg5 Bd6 15. 0-0-0 0-0-0 16. Qf1 Rhe8 17. Nf7 Rd7 18. Qxh3 Bxh3 19. Bxf6 gxf6 20. Nxd6+ Rxd6 21. Rhe1 Kc7 22. Re3 f5 23. c3 Re7 24. Rd2 b6 25. b4 c5 26. d5 Rh6 27. b5 Kd6 28. Rf2 Ke5 29. Kd2 Rf7 30. Re1 Rff6 31. Ke3 Rhg6 32. a4 Rg4 33. Be2 f4+ 34. gxf4+ Rgxf4 35. Rxf4 Rxf4 36. Rg1 Rh4 37. Rg5+ Kd6 38. Kf2 Bd7 39. Kg2 Rh3 40. c4 Re3 41. Kf2 Rh3 42. Kg1 Re3 43. Kf1 Rh3 44. Kg2 Re3 45. Kf2 Rh3 46. Rh5 Rxh5 47. Bxh5 Ke5 48. Kg3 Bf5 49. Bg4 Bg6 50. Kf2 Kd6 51. Ke3 Ke5 52. h4 h6 53. Bh3 Bh7 54. Bg2 Bf5 55. Bh1 Bg6 56. Bg2 Bf5 57. Bf1 Bg4 58. d6 Bf5 59. Be2 Kxd6 60. Kf4 Ke6 61. Bd1 Kf6 62. Be2 e3 63. Kxe3 Ke5 64. Bd1 Bg6 65. Be2 Bc2 66. Kd2 Bxa4 67. Kd3 Kf4 68. h5 Bb3 69. Kc3 Ke3 70. Bg4 Ba4 71. Be6 Bd1 72. Bf7 Be2 73. Be8 Kf4 74. Bf7 Kg5 75. Be8 Bxh5 76. Bd7 0-1